Оксимы 3-фенил-5,5-дизамещенных-4-изоксазолонов и их взаимодействие с солями никеля(II), кобальта(II) и марганца(II): автореферат диссертации на соискание ученой степени кандидата химических наук; спец. 02.00.04

Bibliografiske detaljer
Hovedforfatter: Суховерская А. В. Алена Владимировна
Institution som forfatter: Кузбасский государственный технический университет (КузГТУ)
Andre forfattere: Черкасова Т. Г. Татьяна Григорьевна (научный руководитель)
Summary:Защита сост. 5.03.2010 г.
Sprog:russisk
Udgivet: Кемерово, 2010
Fag:
Format: MixedMaterials Bog
KOHA link:https://koha.lib.tpu.ru/cgi-bin/koha/opac-detail.pl?biblionumber=179097

MARC

LEADER 00000nam0a2200000 4500
001 179097
005 20231101223442.0
035 |a (RuTPU)RU\TPU\book\194156 
090 |a 179097 
100 |a 20100415d2009 k y0rusy50 ca 
101 0 |a rus 
102 |a RU 
105 |a a dm 001zy 
200 1 |a Оксимы 3-фенил-5,5-дизамещенных-4-изоксазолонов и их взаимодействие с солями никеля(II), кобальта(II) и марганца(II)  |e автореферат диссертации на соискание ученой степени кандидата химических наук  |e спец. 02.00.04  |f А. В. Суховерская  |g Кузбасский государственный технический университет (КузГТУ) ; науч. рук. Т. Г. Черкасова 
210 |a Кемерово  |d 2010 
215 |a 16 с.  |c ил. 
300 |a Защита сост. 5.03.2010 г. 
320 |a Библиогр.: с. 15-16 (16 назв.). 
606 1 |a Оксимы  |x Применение в аналитической химии  |2 stltpush  |3 (RuTPU)RU\TPU\subj\46939  |9 66021 
610 1 |a строение 
610 1 |a физико-химические свойства 
610 1 |a синтез 
610 1 |a комплексные соединения 
610 1 |a получение 
610 1 |a рентгеноструктурный анализ 
610 1 |a авторефераты диссертаций 
675 |a 543-412.2(04)  |v 3 
686 |a 02.00.04  |2 oksvnk 
700 1 |a Суховерская  |b А. В.  |g Алена Владимировна 
702 1 |a Черкасова  |b Т. Г.  |g Татьяна Григорьевна  |4 727 
712 0 2 |a Кузбасский государственный технический университет (КузГТУ)  |c (Кемерово)  |2 stltpush  |3 (RuTPU)RU\TPU\col\89 
801 1 |a RU  |b 63413507  |c 20100415 
801 2 |a RU  |b 63413507  |c 20151113  |g RCR 
942 |c BK